000 005490000a22002050004500
003 LK-CoMWRAF
005 20230914131930.0
008 230817t ||||| |||| 00| 0 eng d
040 _aLK-CoMWRAF
_dLK-CoMWRAF
_eLK-CoMWRAF
041 _aeng
082 _a297.122
_bTAF
100 _aSafiur-Rahman, A.L.Shaykh
245 _aTAFSIR IBN KATHIR
_bPart 3,4,& 5 (Surat Al-Baqarah to Surat Annisa)
250 _a1st Edition
260 _aRiyadh :
_bDarussalam,
300 _a624p
490 _aVolume 2
650 _aQurʾan-Commentaries
942 _cBK
999 _c372
_d372